Yüklüyor......
Notes on compass work
| Yazar: | |
|---|---|
| Diğer Yazarlar: | |
| Materyal Türü: | Printed Book |
| Dil: | English |
| Baskı/Yayın Bilgisi: |
Kent
Kandy
1972
|
| Konular: |
| LEADER | 00647nam a2200253 a 4500 | ||
|---|---|---|---|
| 001 | adlib96000001 | ||
| 003 | ViArRB | ||
| 005 | 20151026130605.0 | ||
| 008 | 960221s1955 dcuabcdjdbkoqu001 0deng d | ||
| 020 | |||
| 022 | |||
| 040 | |a Adlib | ||
| 082 | |a 538.74 | ||
| 245 | |a Notes on compass work | ||
| 250 | |||
| 260 | |a Kent |b Kandy |c 1972 | ||
| 300 | |a 111p. | ||
| 500 | |a | ||
| 100 | |a Kemp, J.F. | ||
| 700 | |a Young, Peter | ||
| 942 | |c BK |6 _ | ||
| 653 | |a Magnetism |a Electromagnetism |a Magnetic compass |a compass | ||
| 999 | |c 8477 |d 8477 | ||
| 952 | |0 0 |1 0 |4 0 |6 53874_KEM |7 0 |9 19891 |a UL |b UL |d 2010-06-16 |o 538.74 KEM |p 00011983 |r 2010-06-16 |w 2010-06-16 |y BK | ||